الثعلب المخدوع / (رقم التسجيلة. 39134)

تفاصيل مارك
000 -LEADER
fixed length control field 00621nam a22001937a 4500
005 - DATE AND TIME OF LATEST TRANSACTION
control field 20251108170056.0
008 - FIXED-LENGTH DATA ELEMENTS--GENERAL INFORMATION
fixed length control field 250721s9999 xx 000 0 ara d
082 14 - DEWEY DECIMAL CLASSIFICATION NUMBER
Classification number ط/ق/محم
100 1# - MAIN ENTRY--PERSONAL NAME
Personal name التوتنجي، محمد
245 10 - TITLE STATEMENT
Title الثعلب المخدوع /
264 1# - PRODUCTION, PUBLICATION, DISTRIBUTION, MANUFACTURE, AND COPYRIGHT NOTICE
Place of production, publication, distribution, manufacture طرابلس :
Name of producer, publisher, distributor, manufacturer الشركة العامة للنشر -دار الكتاب الليبي،
300 ## - PHYSICAL DESCRIPTION
Extent 12ص
490 0# - SERIES STATEMENT
Series statement سلسلة قالت الحيوانات يا اطفال
650 17 - SUBJECT ADDED ENTRY--TOPICAL TERM
Topical term or geographic name as entry element القصص العربية
650 17 - SUBJECT ADDED ENTRY--TOPICAL TERM
Topical term or geographic name as entry element الأدب العربي
650 17 - SUBJECT ADDED ENTRY--TOPICAL TERM
Topical term or geographic name as entry element أدب الأطفال
942 ## - ADDED ENTRY ELEMENTS (KOHA)
Source of classification or shelving scheme Dewey Decimal Classification
Koha item type كتب
المقتنيات
حالة السحب حالة الفقدان مصدر التصنيف حالة التلف غير قابل للإعارة المكتبة الرئيسية المكتبة الحالية موقع الرف تاريخ التزويد الرقم المتسلسل Total Checkouts رقم الإستدعاء تاريخ آخر ظهور تاريخ الفاتورة نوع المادة (كوها)
    Dewey Decimal Classification Unchecked   مكتبة الأميرة ايمان العامة مكتبة الأميرة ايمان العامة الأطفال 06/07/2004 2786   ط/ق/محم 28/07/2025 06/07/2004 كتب
Implemented & Customized by: BBB with SCIT (Smart Chains for Information Technology)

Powered by Koha